000 nam a22 7a 4500
999 _c24879
_d24879
008 170130b xxu||||| |||| 00| 0 eng d
050 _aGV1203 .G44 1986
100 _aGee,Robyn
245 _aEntertaining & educating young children/
_c Robyn Gee; Sue Stitt; Kim Blundell;
260 _a [Chicago] :
_b[Exclusively distributed in library binding by Children's Press],
_c ©1986.
300 _a48p. :
_bill. ;
_c22cm.
500 _aincludes index.
650 _a Creative activities and seat work.
650 _a Amusements.
650 _a Educational games.
700 _aBlundell,Kim
700 _aStitt,Sue
942 _2lcc
_cBOOKS
_hGV1203 .G44 1986